MARC details
| 000 -LEADER |
| fixed length control field |
02729cgm a2200565Ma 4500 |
| 001 - CONTROL NUMBER |
| control field |
ocn780757419 |
| 003 - CONTROL NUMBER IDENTIFIER |
| control field |
OCoLC |
| 005 - DATE AND TIME OF LATEST TRANSACTION |
| control field |
20200320193029.0 |
| 007 - PHYSICAL DESCRIPTION FIXED FIELD--GENERAL INFORMATION |
| fixed length control field |
vd cvaizu |
| 008 - FIXED-LENGTH DATA ELEMENTS--GENERAL INFORMATION |
| fixed length control field |
101222p20112010cau146 e vleng d |
| 020 ## - INTERNATIONAL STANDARD BOOK NUMBER |
| Terms of availability |
15.95 |
| 024 1# - OTHER STANDARD IDENTIFIER |
| Standard number or code |
013132264691 |
| 035 ## - SYSTEM CONTROL NUMBER |
| System control number |
(OCoLC)780757419 |
| 040 ## - CATALOGING SOURCE |
| Original cataloging agency |
DEERP |
| Language of cataloging |
eng |
| Transcribing agency |
DEERP |
| Modifying agency |
OCLCF |
| -- |
OCLCO |
| -- |
WACOL |
| 041 1# - LANGUAGE CODE |
| Language code of text/sound track or separate title |
eng |
| -- |
spa |
| Language code of original and/or intermediate translations of text |
eng |
| 049 ## - LOCAL HOLDINGS (OCLC) |
| Holding library |
WACL |
| 050 #4 - LIBRARY OF CONGRESS CALL NUMBER |
| Classification number |
PN1992.77 |
| Item number |
.W35 2011 |
| 082 04 - DEWEY DECIMAL CLASSIFICATION NUMBER |
| Classification number |
791.45/75 |
| Edition number |
22 |
| 092 ## - LOCALLY ASSIGNED DEWEY CALL NUMBER (OCLC) |
| Classification number |
DVD |
| Item number |
Wal |
| 245 04 - TITLE STATEMENT |
| Title |
The walking dead. |
| Number of part/section of a work |
Season one, Disc 1 |
| Medium |
[videorecording] / |
| Statement of responsibility, etc |
AMC ; [director], Frank Darabont. |
| 260 ## - PUBLICATION, DISTRIBUTION, ETC. (IMPRINT) |
| Place of publication, distribution, etc |
Beverly Hills, Calif. : |
| Name of publisher, distributor, etc |
Anchor Bay Entertainment, |
| Date of publication, distribution, etc |
2011. |
| 300 ## - PHYSICAL DESCRIPTION |
| Extent |
1 videodisc (ca. 146 min.) : |
| Other physical details |
sd., col. ; |
| Dimensions |
4 3/4 in. |
| 500 ## - GENERAL NOTE |
| General note |
The complete set contains 2 videodiscs. |
| 500 ## - GENERAL NOTE |
| General note |
Based on the comic books by Robert Kirkman. |
| 500 ## - GENERAL NOTE |
| General note |
Originally broadcast as episodes of the television series on AMC in 2010. |
| 500 ## - GENERAL NOTE |
| General note |
Bonus features: Making of "The Walking Dead" ; Inside "The Walking Dead": Episodes 1-6 ; sneak peek with Robert Kirkman ; behind the scenes zombie make-up tips ; convention panel with producers ; "The Walking Dead" trailer. |
| 505 0# - FORMATTED CONTENTS NOTE |
| Formatted contents note |
Days gone bye -- Guts -- Tell it to the frogs -- Vatos -- Wildfire -- TS-19. |
| 511 1# - PARTICIPANT OR PERFORMER NOTE |
| Participant or performer note |
Andrew Lincoln, Jon Bernthal, Laurie Holden, Sarah Wayne Callies, Emma Bell. |
| 520 ## - SUMMARY, ETC. |
| Summary, etc |
Waking up in an empty hospital after weeks in a coma, County Sheriff Rick Grimes finds himself alone. The world he knows is gone, ravaged by a zombie epidemic. |
| 538 ## - SYSTEM DETAILS NOTE |
| System details note |
DVD. |
| 546 ## - LANGUAGE NOTE |
| Language note |
English dialogue with Spanish subtitles; English subtitles for the deaf and hard of hearing. |
| 650 #0 - SUBJECT ADDED ENTRY--TOPICAL TERM |
| Topical term or geographic name as entry element |
Zombies |
| Form subdivision |
Drama. |
| 9 (RLIN) |
5717473 |
| 650 #0 - SUBJECT ADDED ENTRY--TOPICAL TERM |
| Topical term or geographic name as entry element |
Sheriffs |
| Form subdivision |
Drama. |
| 9 (RLIN) |
5717474 |
| 650 #0 - SUBJECT ADDED ENTRY--TOPICAL TERM |
| Topical term or geographic name as entry element |
Video recordings for the hearing impaired. |
| 9 (RLIN) |
5892930 |
| 650 #0 - SUBJECT ADDED ENTRY--TOPICAL TERM |
| Topical term or geographic name as entry element |
Horror television programs. |
| 9 (RLIN) |
85459 |
| 650 #0 - SUBJECT ADDED ENTRY--TOPICAL TERM |
| Topical term or geographic name as entry element |
Television series. |
| 9 (RLIN) |
5892931 |
| 650 #7 - SUBJECT ADDED ENTRY--TOPICAL TERM |
| Topical term or geographic name as entry element |
Horror television programs. |
| Source of heading or term |
fast |
| -- |
(OCoLC)fst00960449 |
| 9 (RLIN) |
85459 |
| 650 #7 - SUBJECT ADDED ENTRY--TOPICAL TERM |
| Topical term or geographic name as entry element |
Sheriffs. |
| Source of heading or term |
fast |
| -- |
(OCoLC)fst01115838 |
| 9 (RLIN) |
5892932 |
| 650 #7 - SUBJECT ADDED ENTRY--TOPICAL TERM |
| Topical term or geographic name as entry element |
Television series. |
| Source of heading or term |
fast |
| -- |
(OCoLC)fst01720041 |
| 9 (RLIN) |
5892931 |
| 650 #7 - SUBJECT ADDED ENTRY--TOPICAL TERM |
| Topical term or geographic name as entry element |
Video recordings for the hearing impaired. |
| Source of heading or term |
fast |
| -- |
(OCoLC)fst01166513 |
| 9 (RLIN) |
5892930 |
| 650 #7 - SUBJECT ADDED ENTRY--TOPICAL TERM |
| Topical term or geographic name as entry element |
Zombies. |
| Source of heading or term |
fast |
| -- |
(OCoLC)fst01184595 |
| 9 (RLIN) |
5892933 |
| 655 #7 - INDEX TERM--GENRE/FORM |
| Genre/form data or focus term |
Drama. |
| Source of term |
fast |
| -- |
(OCoLC)fst01423879 |
| 9 (RLIN) |
5673873 |
| 700 1# - ADDED ENTRY--PERSONAL NAME |
| Personal name |
Kirkman, Robert. |
| 9 (RLIN) |
5687416 |
| 710 2# - ADDED ENTRY--CORPORATE NAME |
| Corporate name or jurisdiction name as entry element |
American Movie Classics Company. |
| 9 (RLIN) |
5772475 |
| 710 2# - ADDED ENTRY--CORPORATE NAME |
| Corporate name or jurisdiction name as entry element |
Anchor Bay Entertainment, Inc. |
| 9 (RLIN) |
62410 |
| 942 ## - ADDED ENTRY ELEMENTS (KOHA) |
| Koha item type |
DVD |
| 948 ## - LOCAL PROCESSING INFORMATION (OCLC); SERIES PART DESIGNATOR (RLIN) |
| Series part designator, SPT (RLIN) |
11/14/2014 |
| b (OCLC) |
02/24/2016 |
| z (OCLC) |
Sirsi |
| 994 ## - |
| -- |
02 |
| -- |
WACOL |
| 996 ## - |
| -- |
113765 |
| -- |
34301001395302 |
| -- |
DVD |
| -- |
DVD |
| -- |
wcl |
| -- |
i |
| -- |
45 |
| -- |
21.95 |
| -- |
.CIRCNOTE. 2 discs |
| -- |
amazon |
| -- |
Wal |
| -- |
11/14/2014 |
| -- |
02/26/2020 |
| -- |
02/18/2020 |